|
|
|
|
| LEADER |
00000naa2a2200000 4500 |
| 001 |
604442 |
| 005 |
20260206163017.0 |
| 035 |
|
|
|a (RuTPU)RU\TPU\conf\1714
|
| 035 |
|
|
|a RU\TPU\conf\1713
|
| 090 |
|
|
|a 604442
|
| 100 |
|
|
|a 20140304d2013 k y0rusy50 ca
|
| 101 |
0 |
|
|a rus
|
| 102 |
|
|
|a RU
|
| 135 |
|
|
|a drcn ---uucaa
|
| 181 |
|
0 |
|a i
|
| 182 |
|
0 |
|a b
|
| 200 |
1 |
|
|a Находка - свободная экономическая зона России
|f Нгуен Тхи Хуен Чанг, Нгуен Ван Винь
|
| 203 |
|
|
|a Текст
|c электронный
|
| 215 |
|
|
|a 1 файл(330 Кб)
|
| 225 |
1 |
|
|a Современное россиеведение: исследовательские практики отечественных и зарубежных ученых
|
| 300 |
|
|
|a Заглавие с экрана
|
| 320 |
|
|
|a [Библиогр.: с. 295 (5 назв.)]
|
| 337 |
|
|
|a Adobe Reader
|
| 463 |
|
1 |
|0 (RuTPU)RU\TPU\conf\1007
|t Трансформация научных парадигм и коммуникативные практики в информационном социуме
|o сборник научных трудов VI Всероссийской научно-практической конференции студентов и молодых ученых, г. Томск, 5-6 декабря 2013 г.
|f Национальный исследовательский Томский политехнический университет (ТПУ), Институт социально-гуманитарных технологий (ИСГТ) ; под ред. В. И. Турнаева и др.
|v [С. 294-295]
|d 2013
|
| 610 |
1 |
|
|a электронный ресурс
|
| 610 |
1 |
|
|a труды учёных ТПУ
|
| 610 |
1 |
|
|a свободные зоны
|
| 610 |
1 |
|
|a экономические зоны
|
| 610 |
1 |
|
|a Россия
|
| 610 |
1 |
|
|a Находка
|
| 700 |
|
0 |
|a Нгуен Тхи Хуен Чанг
|
| 701 |
|
0 |
|a Нгуен Ван Винь
|
| 801 |
|
1 |
|a RU
|b 63413507
|c 20101016
|
| 801 |
|
2 |
|a RU
|b 63413507
|c 20230328
|g RCR
|
| 856 |
4 |
|
|u http://www.lib.tpu.ru/fulltext/c/2013/C26/142.pdf
|
| 942 |
|
|
|c CF
|